|
|
|
|
| LEADER |
02338nam a22004213i 4500 |
| 001 |
EBC6892138 |
| 003 |
MiAaPQ |
| 005 |
20231204023221.0 |
| 006 |
m o d | |
| 007 |
cr cnu|||||||| |
| 008 |
231204s2022 xx o ||||0 eng d |
| 020 |
|
|
|a 9781478092605
|q (electronic bk.)
|
| 020 |
|
|
|z 9781478015499
|
| 035 |
|
|
|a (MiAaPQ)EBC6892138
|
| 035 |
|
|
|a (Au-PeEL)EBL6892138
|
| 035 |
|
|
|a (OCoLC)1290851467
|
| 040 |
|
|
|a MiAaPQ
|b eng
|e rda
|e pn
|c MiAaPQ
|d MiAaPQ
|
| 050 |
|
4 |
|a PN1998
|
| 082 |
0 |
|
|a 791.430233092
|
| 100 |
1 |
|
|a Berry, Michael.
|
| 245 |
1 |
0 |
|a Jia Zhangke on Jia Zhangke.
|
| 250 |
|
|
|a 1st ed.
|
| 264 |
|
1 |
|a Durham :
|b Duke University Press,
|c 2022.
|
| 264 |
|
4 |
|c Ã2022.
|
| 300 |
|
|
|a 1 online resource (233 pages)
|
| 336 |
|
|
|a text
|b txt
|2 rdacontent
|
| 337 |
|
|
|a computer
|b c
|2 rdamedia
|
| 338 |
|
|
|a online resource
|b cr
|2 rdacarrier
|
| 490 |
1 |
|
|a Sinotheory Ser.
|
| 505 |
0 |
|
|a Cover -- Contents -- Series Editor's Preface carlos rojas -- Acknowledgments -- Introduction. From Fenyang to the World -- One. A Portrait of an Artist as a Young Man -- Two. The Hometown Trilogy -- Three. Documenting Destruction and Building Worlds -- Four. Film as Social Justice -- Five. Return to Jianghu -- Six. Toward an Accented Cinema -- Coda. To the Sea -- Afterword. Dai Jinhua -- Notes -- Jia Zhangke Filmography -- Bibliography -- Index -- A -- B -- C -- D -- E -- F -- G -- H -- I -- J -- K -- L -- M -- N -- O -- P -- Q -- R -- S -- T -- U -- V -- W -- X -- Y -- Z.
|
| 520 |
|
|
|a This volume is an extended dialogue between the internationally acclaimed Chinese filmmaker Jia Zhangke and film scholar Michael Berry in which Jia offers a comprehensive first-hand account of his life, art, and approach to filmmaking.
|
| 588 |
|
|
|a Description based on publisher supplied metadata and other sources.
|
| 590 |
|
|
|a Electronic reproduction. Ann Arbor, Michigan : ProQuest Ebook Central, 2023. Available via World Wide Web. Access may be limited to ProQuest Ebook Central affiliated libraries.
|
| 655 |
|
4 |
|a Electronic books.
|
| 776 |
0 |
8 |
|i Print version:
|a Berry, Michael
|t Jia Zhangke on Jia Zhangke
|d Durham : Duke University Press,c2022
|z 9781478015499
|
| 797 |
2 |
|
|a ProQuest (Firm)
|
| 830 |
|
0 |
|a Sinotheory Ser.
|
| 856 |
4 |
0 |
|u https://ebookcentral.proquest.com/lib/matrademy/detail.action?docID=6892138
|z Click to View
|